Monitoring and Investigation Rules (Record no. 121742)

MARC details
000 -LEADER
fixed length control field 01179nam a22002177a 4500
008 - FIXED-LENGTH DATA ELEMENTS--GENERAL INFORMATION
fixed length control field 231222s2007 xxk|||||o|||| 00| 0 eng d
041 ## - LANGUAGE CODE
Language code of text/sound track or separate title eng
110 ## - MAIN ENTRY--CORPORATE NAME
Corporate author Royal Institution of Chartered Surveyors
245 ## - TITLE STATEMENT
Title Monitoring and Investigation Rules
Medium [Electronic resource]
250 ## - EDITION
Edition statement Version 1
260 ## - PUBLICATION INFORMATION
Place of publication London,
Publisher Royal Institution of Chartered Surveyors,
Date 2007
300 ## - PHYSICAL DESCRIPTION
Physical description 5p.
490 ## - SERIES TITLE
Series statement RICS Regulation
500 ## - GENERAL NOTE
General note This is the first version published 4 June 2007, replaced by version 2 effective 1 January 2010 which in turn was replaced by later versions. No longer in force.
520 ## - ABSTRACT
Abstract These Monitoring and Investigation Rules are made by the Standards and Regulation Board of the Royal Institution of Chartered Surveyors (RICS) under Article 18 of the Supplemental Charter 1973 of RICS and Bye-Laws made under Article 17 of that Charter.
650 ## - KEYWORDS
Keywords PROFESSIONAL STANDARDS
651 ## - SUBJECT ADDED ENTRY--GEOGRAPHIC NAME
Geographic name International
710 ## - ADDED CORPORATE NAME
Added corporate author Royal Institution of Chartered Surveyors
856 ## - ONLINE RESOURCE
Uniform Resource Identifier <a href="https://www.rics.org/profession-standards/knowledge-and-information-services/document-delivery-and-other-kis-fees">https://www.rics.org/profession-standards/knowledge-and-information-services/document-delivery-and-other-kis-fees</a>
Public note email [email protected] for a digital copy
942 ## - ADDED ENTRY ELEMENTS (KOHA)
Suppress in OPAC Do not suppress in OPAC
Holdings
Lost status Damaged status Not for loan Current library Shelving location Date acquired Total Checkouts Full call number Date last seen Price effective from Koha item type Public note
      Virtual Online 22/12/2023   SCAN 22/12/2023 22/12/2023 News article Email [email protected] for a copy